Mistrz PHP : pisz nowoczesny kod /

Dzięki lekturze tej publikacji przemienisz się ze sprawnego programisty w pewnego siebie inżyniera - stosującego najlepsze praktyki programistyczne, pracującego szybko i solidnie.

Bibliographic Details
Main Author: Mitchell, Lorna
Other Authors: Shafik, Davey, Turland, Matthew
Format: eBook
Language:Polish
Published: Gliwice : Helion, ©2012.
Subjects:
Online Access:Connect to the full text of this electronic book

MARC

Tag First Indicator Second Indicator Subfields
LEADER 00000cam a2200000 a 4500
001 in00004666159
006 m o d
007 cr cnu---unuuu
008 130326s2012 pl a o 001 0 pol d
005 20260129162755.8
019 |a 855014083 
020 |a 9781457173059  |q (electronic bk.) 
020 |a 1457173050  |q (electronic bk.) 
020 |a 9781457173066 
020 |a 1457173069 
020 |a 8324644725 
020 |a 9788324644728 
020 |a 9780987090874 
020 |a 0987090879 
020 |a 9788324657063  |q (e-book) 
020 |a 8324657061  |q (e-book) 
020 |z 9788324644728 
035 |a (OCoLC)832378389  |z (OCoLC)855014083 
037 |a CL0500000241  |b Safari Books Online 
040 |a N$T  |b eng  |e pn  |c N$T  |d UMI  |d E7B  |d COO  |d YDXCP  |d EBLCP  |d OCLCQ  |d OCLCF  |d OCLCQ  |d WYU  |d UKAHL  |d OCLCQ  |d VT2  |d OCLCQ  |d LDP  |d OCLCQ  |d OCLCO  |d DST  |d OCLCO  |d OCLCQ 
041 1 |a pol  |h eng 
049 |a TXAM 
050 4 |a QA76.73.P224  |b M58168 2012eb 
072 7 |a COM  |x 051260  |2 bisacsh 
072 7 |a COM  |x 051420  |2 bisacsh 
082 0 4 |a 005.2/762  |2 22 
100 1 |a Mitchell, Lorna. 
240 1 0 |a PHP master.  |l Polish 
245 1 0 |a Mistrz PHP :  |b pisz nowoczesny kod /  |c Davey Shafik, Lorna Mitchell, Matthew Turland ; [tłumaczenie, Łukasz Piwko]. 
260 |a Gliwice :  |b Helion,  |c ©2012. 
300 |a 1 online resource :  |b illustrations 
336 |a text  |b txt  |2 rdacontent 
337 |a computer  |b c  |2 rdamedia 
338 |a online resource  |b cr  |2 rdacarrier 
500 |a Includes index. 
500 |a Title from PDF title page (viewed March 26, 2013). 
520 |a Dzięki lekturze tej publikacji przemienisz się ze sprawnego programisty w pewnego siebie inżyniera - stosującego najlepsze praktyki programistyczne, pracującego szybko i solidnie. 
650 0 |a PHP (Computer program language) 
650 6 |a PHP (Langage de programmation) 
650 7 |a COMPUTERS  |x Programming Languages  |x JavaScript.  |2 bisacsh 
650 7 |a COMPUTERS  |x Programming Languages  |x VBScript.  |2 bisacsh 
650 7 |a PHP (Computer program language)  |2 fast  |0 (OCoLC)fst01049847 
700 1 |a Shafik, Davey. 
700 1 |a Turland, Matthew. 
776 0 8 |i Print version:  |a Shafik, Davey.  |t Mistrz PHP : pisz nowoczesny kod.  |d Gliwice, Poland : Helion, ©2012  |h 300 pages  |z 9788324644728 
856 4 0 |u https://proxy.library.tamu.edu/login?url=https://go.oreilly.com/TAMU/library/view/-/9781457173066/?ar  |z Connect to the full text of this electronic book  |t 0 
955 |a Safari/O'Reilly ebooks 
994 |a 92  |b TXA 
999 f f |s 245a6a09-1a80-46ca-b591-c12ea4ac3184  |i ee40f29b-10db-4069-b877-c823e95a19d7  |t 0 
952 f f |a Texas A&M University  |b College Station  |c Electronic Resources  |s www_evans  |d Available Online  |t 0  |e QA76.73.P224 M58168 2012eb  |h Library of Congress classification 
998 f f |a QA76.73.P224 M58168 2012eb  |t 0  |l Available Online